Normal view
MARC view
- Woodson, Wesley E
Entry Personal Name
001 - CONTROL NUMBER
- control field: 81342
003 - CONTROL NUMBER IDENTIFIER
- control field: NUST
005 - DATE AND TIME OF LATEST TRANSACTION
- control field: 20210809161845.0
008 - FIXED-LENGTH DATA ELEMENTS
- fixed length control field: 210809|| aca||aabn | a|a d
040 ## - CATALOGING SOURCE
- Original cataloging agency: NUST
- Transcribing agency: NUST
100 ## - HEADING--PERSONAL NAME
- Personal name: Woodson, Wesley E
670 ## - SOURCE DATA FOUND
- Source citation: Work cat.: (NUST)32482: Woodson, Wesley E., Human factors design handbook :, c1992.
